| 000 -NÁVESTIE |
| fixed length control field |
01128cam a2200361 a 4500 |
| 001 - EVIDENČNÉ ČÍSLO ZÁZNAMU - Kontrolné číslo |
| control field |
vtls011620213 |
| 005 - DÁTUM A ČAS POSLEDNEJ TRANSAKCIE |
| control field |
20251024080434.0 |
| 008 - ÚDAJE S PEVNOU DĹŽKOU – VŠEOBECNÉ INFORMÁCIE |
| fixed length control field |
240318s2017 xo g n 000 0 slo |
| 020 ## - MEDZINÁRODNÉ ŠTANDARDNÉ ČÍSLO KNIHY (ISBN) |
| Medzinárodné štandardné číslo knihy (ISBN) |
9788081281815 |
| Qualifying information |
(viaz.) |
| 035 ## - Iný štandardný identifikátor |
| Iný štandardný identifikátor |
urn:nbn:sk:snk-am00d5mf |
| 035 ## - Iný štandardný identifikátor |
| Iný štandardný identifikátor |
urn:nbn:sk:snk-am3hqhg |
| 035 ## - Iný štandardný identifikátor |
| Iný štandardný identifikátor |
23BF745C-C011-4073-B4F4-FDEDC58E9A1A |
| 040 ## - ZDROJ KATALOGIZÁCIE |
| Pôvodná katalogizujúca agentúra |
SNK |
| Jazyk katalogizácie |
slo |
| Prepisujúca agentúra |
SNK |
| Konvencie popisu |
AACR2 |
| 041 0# - KÓD JAZYKA |
| Kód jazyka textu/zvukovej stopy alebo samostatných nápisov |
slo |
| 044 ## - KÓD KRAJINY VYDAVATEĽA/PRODUCENTA |
| Kód krajiny MARC |
xo |
| Kód krajiny ISO |
SK |
| 072 #7 - KÓD PREDMETOVEJ KATEGÓRIE |
| Kód predmetovej kategórie |
321 |
| Pododdiel kódu predmetovej kategórie |
Politológia |
| Zdroj |
konspekt |
| 080 ## - ČÍSLO MEDZINÁRODNÉHO DESATINNÉHO TRIEDENIA (MDT) |
| Číslo Medzinárodného desatinného triedenia (MDT) |
321.01 |
| Identifikátor vydania |
2011 |
| 080 ## - ČÍSLO MEDZINÁRODNÉHO DESATINNÉHO TRIEDENIA (MDT) |
| Číslo Medzinárodného desatinného triedenia (MDT) |
321 |
| Identifikátor vydania |
2011 |
| 080 ## - ČÍSLO MEDZINÁRODNÉHO DESATINNÉHO TRIEDENIA (MDT) |
| Číslo Medzinárodného desatinného triedenia (MDT) |
(048.8) |
| Identifikátor vydania |
2011 |
| 100 1# - OSOBNÉ MENÁ – VŠEOBECNÉ INFORMÁCIE |
| Osobné meno |
Klenko, Marián, |
| Dátumy súvisiace s menom |
1978- |
| Kód roly |
aut |
| -- |
5068 |
| 245 10 - NÁZOV |
| Názov |
Politika bez moci |
| Zvyšok názvu |
skutočný obraz reality |
| Údaj o zodpovednosti atď. |
Marián Klenko |
| 260 ## - VYDAVATEĽSKÉ ÚDAJE, DISTRIBÚCIA ATĎ. |
| Miesto publikovania, distribúcie atď. |
Martin |
| Názov vydavateľa, distibútora atď. |
Matica slovenská |
| Dátum publikovania, distribúcie atď. |
2017 |
| 300 ## - FYZICKÝ POPIS |
| Rozsah |
120 s. |
| Rozmery |
22 cm |
| 650 07 - PRIDANÝ VSTUP – PREDMET – TEMATICKÉ HESLO |
| Tematické heslo alebo geografický názov ako vstupný prvok |
politická moc |
| Zdroj hesla alebo termínu |
SNKPH |
| -- |
5069 |
| 650 07 - PRIDANÝ VSTUP – PREDMET – TEMATICKÉ HESLO |
| Tematické heslo alebo geografický názov ako vstupný prvok |
politológia |
| Zdroj hesla alebo termínu |
SNKPH |
| -- |
5070 |
| 650 07 - PRIDANÝ VSTUP – PREDMET – TEMATICKÉ HESLO |
| Tematické heslo alebo geografický názov ako vstupný prvok |
Political power |
| Zdroj hesla alebo termínu |
SNKPHeng |
| -- |
5071 |
| 650 07 - PRIDANÝ VSTUP – PREDMET – TEMATICKÉ HESLO |
| Tematické heslo alebo geografický názov ako vstupný prvok |
Political science |
| Zdroj hesla alebo termínu |
SNKPHeng |
| -- |
5072 |
| 655 #7 - INDEXAČNÝ TERMÍN – ŽÁNER/FORMA |
| Údaje o žánri/forme alebo termín, ktorý je prvok fazety |
monografie |
| Zdroj termínu |
SNKPH |
| -- |
1661 |
| 655 #7 - INDEXAČNÝ TERMÍN – ŽÁNER/FORMA |
| Údaje o žánri/forme alebo termín, ktorý je prvok fazety |
Monographs |
| Zdroj termínu |
SNKPHeng |
| -- |
1662 |
| 958 ## - Formálny deskriptor |
| Formálny deskriptor |
NB |